[Event "IECG TE.2001.P.00906 email"]
[Site "IECG email"]
[Date "2001.12.10"]
[Round "?"]
[White "Macaya, Pablo"]
[Black "Heesen, Jos HW"]
[Result "0-1"]
[WhiteElo "649"]
[BlackElo "1844"]
[PlyCount "22"]
[EventDate "2001.12.10"]
[EventType "tourn (corr)"]
[EventRounds "12"]
[SourceTitle "Corr 2008"]
[Source "ChessBase"]
[SourceDate "2008.06.24"]
[SourceVersion "1"]
[SourceVersionDate "2008.06.24"]
[SourceQuality "1"]

1. d4 Nf6 2. c4 e5 3. dxe5 Ne4 4. Nf3 Nc6 5. a3 d6 6. Bg5 Nxg5 7. exd6 Nxf3+ 8. exf3 Bxd6 9. Nc3 0-0 10. Qd2 Re8+ 11. Be2 Na5 0-1

[Event "IECG TE.2001.P.00906 email"]
[Site "IECG email"]
[Date "2001.12.10"]
[Round "?"]
[White "Macaya, Pablo"]
[Black "Ottenweller, Wolfgang"]
[Result "1/2-1/2"]
[WhiteElo "649"]
[BlackElo "1911"]
[PlyCount "46"]
[EventDate "2001.12.10"]
[EventType "tourn (corr)"]
[EventRounds "12"]
[SourceTitle "Corr 2008"]
[Source "ChessBase"]
[SourceDate "2008.06.24"]
[SourceVersion "1"]
[SourceVersionDate "2008.06.24"]
[SourceQuality "1"]

1. d4 Nf6 2. c4 e5 3. dxe5 Ng4 4. Nf3 Nc6 5. Bf4 Bb4+ 6. Bd2 Qe7 7. Nc3 Ngxe5 8. Nxe5 Nxe5 9. e3 c6 10. Be2 d6 11. 0-0 0-0 12. Nd5 cxd5 13. Bxb4 Nc6 14. Ba3 d4 15. exd4 Nxd4 16. Qxd4 Qxe2 17. Rfe1 Qg4 18. f4 Be6 19. Bxd6 Rfd8 20. Re5 Qg6 21. Rg5 Qh6 22. c5 b6 23. cxb6 axb6 1/2-1/2

[Event "IECG CN.2001.0.00266"]
[Site "IECG email"]
[Date "2001.10.22"]
[Round "?"]
[White "Macaya, Pablo"]
[Black "Arauz, Christopher"]
[Result "0-1"]
[WhiteElo "800"]
[BlackElo "800"]
[PlyCount "34"]
[EventDate "2001.10.22"]
[EventType "tourn (corr)"]
[EventRounds "6"]
[SourceTitle "Corr 2008"]
[Source "ChessBase"]
[SourceDate "2008.06.24"]
[SourceVersion "1"]
[SourceVersionDate "2008.06.24"]
[SourceQuality "1"]

1. d4 d5 2. c4 e6 3. Nf3 Nf6 4. Bg5 Be7 5. Nc3 0-0 6. e3 Nc6 7. Rc1 h6 8. Bh4 e5 9. dxe5 Ng4 10. Bxe7 Qxe7 11. e6 Bxe6 12. cxd5 Rad8 13. Qb3 Bd7 14. dxc6 Bxc6 15. Nb5 a6 16. Qa3 Qd7 17. Rxc6 Qd1# 0-1

[Event "IECG CN.2001.0.00266"]
[Site "IECG email"]
[Date "2001.10.22"]
[Round "?"]
[White "Macaya, Pablo"]
[Black "Tranquillo, Massimo"]
[Result "1/2-1/2"]
[WhiteElo "800"]
[BlackElo "800"]
[PlyCount "66"]
[EventDate "2001.10.22"]
[EventType "tourn (corr)"]
[EventRounds "6"]
[SourceTitle "Corr 2008"]
[Source "ChessBase"]
[SourceDate "2008.06.24"]
[SourceVersion "1"]
[SourceVersionDate "2008.06.24"]
[SourceQuality "1"]

1. d4 Nf6 2. c4 e6 3. Nc3 Bb4 4. e3 b6 5. Bd3 Bb7 6. Nf3 0-0 7. 0-0 d5 8. cxd5 exd5 9. Ne5 Bd6 10. f4 c5 11. Qf3 Nc6 12. Qh3 g6 13. Nxc6 Bxc6 14. f5 Ne4 15. Bxe4 dxe4 16. f6 Re8 17. Qh4 cxd4 18. exd4 e3 19. Bxe3 Rxe3 20. Qh6 Bf8 21. Qxe3 Qd7 22. Rad1 Re8 23. Qd3 Bb4 24. Rf2 Bd6 25. Re2 Rxe2 26. Qxe2 h5 27. d5 Bb7 28. Qe4 Kh7 29. h3 Qd8 30. Rf1 Ba6 31. Rf3 Qc7 32. Kh1 Be5 33. Qb4 Bd6 1/2-1/2

[Event "IECG CN.2001.0.00266"]
[Site "IECG email"]
[Date "2001.10.22"]
[Round "?"]
[White "Neatham, Graeme"]
[Black "Macaya, Pablo"]
[Result "1/2-1/2"]
[WhiteElo "955"]
[BlackElo "800"]
[PlyCount "46"]
[EventDate "2001.10.22"]
[EventType "tourn (corr)"]
[EventRounds "6"]
[SourceTitle "Corr 2008"]
[Source "ChessBase"]
[SourceDate "2008.06.24"]
[SourceVersion "1"]
[SourceVersionDate "2008.06.24"]
[SourceQuality "1"]

1. c4 e5 2. g3 Nf6 3. Nc3 d5 4. cxd5 Nxd5 5. Bg2 Nb6 6. Nf3 Nc6 7. 0-0 Be7 8. a3 0-0 9. b4 Re8 10. b5 Nd4 11. Nxd4 exd4 12. Na4 Nxa4 13. Qxa4 Bf6 14. d3 Rxe2 15. Bf4 g5 16. Bc1 Qd7 17. Qd1 Re8 18. a4 a6 19. Qh5 axb5 20. Be4 Qh3 21. Qxh3 Bxh3 22. Rd1 Bg4 23. f3 Bd7 1/2-1/2

[Event "IECG CN.2000.0.00216"]
[Site "IECG email"]
[Date "2000.10.03"]
[Round "?"]
[White "Macaya, Pablo"]
[Black "Brozio, Michael"]
[Result "0-1"]
[WhiteElo "800"]
[BlackElo "800"]
[PlyCount "44"]
[EventDate "2000.10.03"]
[EventType "tourn (corr)"]
[EventRounds "6"]
[SourceTitle "Corr 2008"]
[Source "ChessBase"]
[SourceDate "2008.06.24"]
[SourceVersion "1"]
[SourceVersionDate "2008.06.24"]
[SourceQuality "1"]

1. d4 Nf6 2. c4 g6 3. Nf3 Bg7 4. e4 Nxe4 5. Bd3 d5 6. cxd5 Qxd5 7. Nc3 Nxc3 8. bxc3 Bg4 9. Qa4+ Nc6 10. Nd2 Bf5 11. Bxf5 Qxf5 12. 0-0 0-0 13. Re1 b5 14. Qd1 b4 15. Bb2 bxc3 16. Bxc3 Nxd4 17. Bxd4 Bxd4 18. Rb1 Bxf2+ 19. Kh1 Bxe1 20. Qxe1 Rab8 21. Rxb8 Rxb8 22. Qxe7 Rb1+ 0-1